High performance cluster computing

Αποθηκεύτηκε σε:
Λεπτομέρειες βιβλιογραφικής εγγραφής
Άλλοι συγγραφείς: Buyya, Rajkumar 1970- (Επιμελητής έκδοσης)
Μορφή: Βιβλίο
Γλώσσα:English
Δημοσίευση: Upper Saddle River, N.J. : Prentice Hall PTR, c1999
Θέματα:
Ετικέτες: Προσθήκη ετικέτας
Δεν υπάρχουν, Καταχωρήστε ετικέτα πρώτοι!

MARC

LEADER 00000cam a2200000 i 4500
001 1/19940
008 010706s1999 nju ||| | eng||
020 |a 0130137847 
035 |l 10067033 
040 |a GR-MyUA  |b gre  |e AACR2 
041 0 |a eng 
082 0 |a 004.3  
245 1 0 |a High performance cluster computing /   |c edited by Rajkumar Buyya.  
260 |a Upper Saddle River, N.J. :   |b Prentice Hall PTR,   |c c1999 
300 |a xxxii, 849 σ. :   |b εικ. ;   |c 25 εκ.  
504 |a Περιέχει βιβλιογραφικές αναφορές και ευρετήριο.  
505 0 |a vol.1. Architectures and systems 
650 0 0 |a High performance computing. 
700 1 |a Buyya, Rajkumar  |d 1970-  |e edt 
740 0 2 |a Architectures and systems 
852 |a INST  |b SAMOS  |e 20010706  |h 004.3 BUY  |p 005300020648  |q 005300020648  |t BK  |y 0 
901 |a BIBL3-2001-2 
909 |a Σ  |b 087055 
922 |a 3ΕΛΗ  |b 200002  |c ΤΠΕΣ/ΠΟΛ  |d LEADER 
970 |a ΜΑΛΑΓΑΡΗ  |b ΦΩΤΕΙΝΗ  |z 2001/07/06